000 00325nam a22001457a 4500
008 210429b ||||| |||| 00| 0 eng d
020 _a9781111834791
041 _aeng
080 _210th
_a82
082 _a82
100 _a21
101 _aGJL
245 _aSuccessful Writing at Work
_cPhilip C. Kolin
942 _2udc
_cBK
999 _c57025
_d57025